| 000 | 01038nam a2200265Ia 4500 | ||
|---|---|---|---|
| 003 | OSt | ||
| 005 | 20221005110226.0 | ||
| 006 | a|||||r|||| 00| 0 | ||
| 007 | ta | ||
| 008 | 221004b |||||||| |||| 00| 0 hin d | ||
| 020 |
_a8172017561 (hbk) _c1250 |
||
| 024 | _a93643 | ||
| 037 |
_b526, 19/03/2009, Vani Prakashan _cTextual |
||
| 040 |
_aCRL _cCRL _bhin |
||
| 041 |
_2hin _ahin |
||
| 082 | _aR65,6, 152N6 | ||
| 100 | _aज्ञानेश्वर | ||
| 245 | 0 | _aसुगम हिन्दी ज्ञानेश्वरी | |
| 246 | _aSugam hindī jnyāneshvarī | ||
| 260 |
_aनई दिल्ली _bसाहित्य अकादेमी भारत _c1996 |
||
| 300 |
_a842पृ0 _ccm. |
||
| 700 |
_a तपस्वी, मोरेश्वर गणेश, अनु. _9624088 |
||
| 942 |
_hR65,6, 152N6 _cTEXL _2cc |
||
| 999 |
_c1018168 _d1018168 |
||